000 00965cam a2200217 4500
001 ABS65717
008 020730n2002 000 0 eng u
035 _a(Sirsi) u119097
245 _aFinance - special report
260 _c2002
490 _aProperty Week
_v67(29) 26 July 2002, 31-42(5)
520 _aSpecial report consisting of two articles."The number crunchers" looks at the central role of actuaries in deciding how much money institutional investors put into investments such as commercial property. "Balancing act" describes the increasing willingness oflending banks (dubbed equity banks) to take equity stakes and often operational control in companies and asks whether the risk is worth it.
590 _aABS
650 _aACTUARIES
650 _aPROPERTY INVESTMENT
650 _aBANKS
650 _aPROPERTY-COMMERCIAL PROPERTY
650 _aPENSION FUNDS
690 _aMANAGEMENT-BUSINESS MANAGEMENT-FINANCIAL MANAGEMENT
942 _n0
999 _c70843
_d70843